[Event "Charlotte Open 2020"]
[Site "Charlotte"]
[Date "2020.01.04"]
[Round "5.1"]
[White "Chandra, Akshat"]
[Black "Lenderman, Aleksandr"]
[Result "1-0"]
[WhiteElo "2524"]
[BlackElo "2638"]
[Annotator "RC"]
[PlyCount "81"]
[EventDate "2020.01.02"]
[EventType "swiss"]
[EventCountry "USA"]
[SourceTitle "playchess.com"]
[Source "ChessBase"]
[SourceQuality "1"]
[TimeControl "6000+30"]

1. e4 {[%emt 0:10:27]} Nf6 {[%emt 0:00:00]} 2. e5 {[%emt 0:01:00]} Nd5 {[%emt 0:00:00]} 3. d4 {[%emt 0:00:05]} d6 {[%emt 0:00:00]} 4. c4 {[%emt 0:00:25]} Nb6 {[%emt 0:00:00]} 5. f4 {[%emt 0:00:08]} dxe5 {[%emt 0:00:46]} 6. fxe5 {[%emt 0:00:14]} Nc6 {[%emt 0:00:14]} 7. Be3 {[%emt 0:00:13]} Bf5 {[%emt 0:01:12]} 8. Nc3 {[%emt 0:00:17]} e6 {[%emt 0:00:08]} 9. Nf3 {[%emt 0:01:32]} Bg4 {[%emt 0:02:10]} 10. Be2 {[%emt 0:14:47]} Bxf3 {[%emt 0:07:00]} 11. gxf3 {[%emt 0:00:04]} Qh4+ {[%emt 0:02:24]} 12. Bf2 {[%emt 0:00:15]} Qf4 {[%emt 0:00:15]} 13. c5 {[%emt 0:03:40]} Nd7 {[%emt 0:05:19]} 14. Qc1 {[%emt 0:07:36]} Qf5 {[%emt 0:06:02]} 15. Qb1 {[%emt 0:04:12]} Qxb1+ {[%emt 0:01:27]} 16. Rxb1 {[%emt 0:00:21]} O-O-O {[%emt 0:00:28]} 17. f4 {[%emt 0:05:34]} g6 {[%emt 0:02:06]} 18. Bf3 {[%emt 0:02:49]} Ne7 {[%emt 0:10:55]} 19. Bh4 {[%emt 0:12:04]} Re8 {[%emt 0:02:43]} 20. Bxe7 {[%emt 0:02:40]} Rxe7 {[%emt 0:00:26]} 21. c6 {[%emt 0:13:07]} bxc6 {[%emt 0:00:23]} 22. Bxc6 {[%emt 0:00:01]} Bh6 {[%emt 0:00:54]} 23. O-O {[%emt 0:00:48]} Rd8 {[%emt 0:01:14]} 24. Rbd1 {[%emt 0:04:42]} f6 {[%emt 0:05:13]} 25. Kg2 {[%emt 0:13:19]} Nb8 {[%emt 0:10:03]} 26. Ba4 {[%emt 0:00:01]} fxe5 {[%emt 0:02:02]} 27. fxe5 {[%emt 0:01:07]} Kb7 {[%emt 0:00:09]} 28. Rf3 {[%emt 0:04:04]} a5 {[%emt 0:11:10]} 29. Ne4 {[%emt 0:01:41]} Ka7 {[%emt 0:00:49]} 30. Nc5 {[%emt 0:04:57]} Na6 {[%emt 0:00:46]} 31. Nb3 {[%emt 0:00:31]} Rb8 {[%emt 0:02:27]} 32. a3 {[%emt 0:01:22]} Rb6 {[%emt 0:11:36]} 33. Rf2 {[%emt 0:00:09]} Ka8 {[%emt 0:10:29]} 34. Nxa5 {[%emt 0:00:22]} c5 {[%emt 0:00:00]} 35. dxc5 {[%emt 0:01:57]} Nxc5 {[%emt 0:00:38]} 36. Rd8+ {[%emt 0:00:07]} Rb8 {[%emt 0:00:25]} 37. Rxb8+ {[%emt 0:00:03]} Kxb8 {[%emt 0:00:03]} 38. Nc6+ {[%emt 0:00:03]} Kc7 {[%emt 0:00:10]} 39. Nxe7 {[%emt 0:00:04]} Nxa4 {[%emt 0:00:02]} 40. Rf7 {[%emt 0:01:45]} Kd8 {[%emt 0:00:24]} 41. Rxh7 {[%emt 0:00:11]} 1-0

[Event "Charlotte Open 2020"]
[Site "Charlotte"]
[Date "2020.01.04"]
[Round "5.2"]
[White "Jacobson, Brandon"]
[Black "Bajarani, Ulvi"]
[Result "1/2-1/2"]
[WhiteElo "2472"]
[BlackElo "2468"]
[Annotator "TA"]
[PlyCount "90"]
[EventDate "2020.01.02"]
[EventType "swiss"]
[EventCountry "USA"]
[SourceTitle "playchess.com"]
[Source "ChessBase"]
[SourceQuality "1"]

{[%evp 15,90,0,6,-52,15,14,18,0,45,42,86,81,110,94,109,111,120,125,157,86,84,81,90,72,83,79,85,72,78,85,86,64,75,79,68,30,256,238,241,178,429,427,435,434,414,393,350,339,307,0,0,0,0,-547,-543,-509,-507,-482,-467,-1471,-1087,-1080,0,0,0,0,0,0,0,0,0,0,0,0,0,0,0]} 1. c4 c6 2. Nf3 Nf6 3. Nc3 d5 4. e3 e6 5. b3 Nbd7 6. Qc2 Bd6 7. Bb2 O-O 8. Be2 Re8 9. Rg1 {A11: English Opening: 1...c6} (9. d4 $11) (9. O-O e5 10. cxd5 Nxd5 11. Ne4 Bc7 12. Ng3 Nf8 13. a3 a5 14. d4 Ng6 15. Bd3 exd4 16. Nxd4 Bg4 17. Bf5 Nf6 18. f3 Bh5 {½-½ (34) Grischuk,A (2773)-Kramnik,V (2784) Wijk aan Zee 2011}) 9... Ne5 $146 (9... e5 $15) ({Predecessor:} 9... e5 10. cxd5 Nxd5 11. Ne4 Bc7 12. g4 N7f6 13. g5 Nxe4 14. Qxe4 Qe7 15. a3 g6 16. d3 b5 17. Qh4 Nf4 18. exf4 exf4 19. O-O-O Qc5+ 20. Kd2 {1-0 (20) Grigoryan,A (2599)-Aghasaryan,R (2443) Yerevan 2013}) 10. Nxe5 $11 Bxe5 11. d4 Bd6 12. g4 Nd7 13. g5 Nf8 14. h4 b6 15. O-O-O Bb7 16. Kb1 a5 17. e4 (17. c5 $142 bxc5 18. dxc5 Bxc5 19. Nxd5 {[%mdl 64] Discovered Attack} exd5 20. Qxc5) 17... Bb4 18. h5 Ba6 19. f4 Bxc3 20. Qxc3 b5 21. Bd3 bxc4 22. bxc4 Nd7 23. e5 Bxc4 24. Bxh7+ Kxh7 25. g6+ Kg8 $2 (25... Kh8 $1 $11 {and Black is okay.} 26. Qh3 Nf8) 26. gxf7+ $18 Kxf7 {Hoping for ...Qh4.} 27. Qg3 {[%csl Gg1][%cal Rg3g7]} g5 $2 (27... Re7) 28. hxg6+ Kg7 {Threatens to win with ...Rh8.} 29. Qh3 Rh8 30. Qxe6 Qe8 31. Qd6 {Strongly threatening f5.} Rh2 {[#] aiming for ...Rb8!} 32. f5 $2 {[#]} (32. Ka1 $1 $18 Rxb2 33. Kxb2 Qb8+ 34. Qxb8 Rxb8+ 35. Kc3) 32... Rb8 $1 $11 33. f6+ Kh6 34. Qa3 $2 {[%mdl 8192]} (34. g7 $11 {and White stays safe.} Rbxb2+ {[%mdl 64] Double Attack} 35. Ka1 Rxa2+ 36. Kb1 Rab2+ 37. Ka1) 34... Rbxb2+ $19 35. Qxb2 Rxb2+ 36. Kxb2 {[#]} Nxf6 $1 37. exf6 (37. g7 $142 Ng8 38. Rd2) 37... Qe2+ 38. Kc3 Qxa2 $2 (38... Qe3+ $19 39. Kc2 Qe4+ 40. Kb2 Qe2+ 41. Kc3 Qe3+ 42. Kc2 Be2) 39. g7 $11 {The position is equal.} Qb3+ 40. Kd2 Qd3+ 41. Kc1 Qc3+ 42. Kb1 {Threatening mate with Rh1+.} Bd3+ {[#]} 43. Rxd3 $1 {[%mdl 512]} Qxd3+ 44. Ka2 {Rh1+ would kill now.} Qd2+ 45. Kb1 {White wants to mate with Rh1+.} Qd3+ {Accuracy: White = 62%, Black = 46%.} 1/2-1/2

[Event "Charlotte Open 2020"]
[Site "Charlotte"]
[Date "2020.01.04"]
[Round "5.3"]
[White "Ali Marandi, Cemil Can"]
[Black "Zapata, Alonso"]
[Result "1-0"]
[WhiteElo "2537"]
[BlackElo "2434"]
[Annotator "TA"]
[PlyCount "69"]
[EventDate "2020.01.02"]
[EventType "swiss"]
[EventCountry "USA"]
[SourceTitle "playchess.com"]
[Source "ChessBase"]
[SourceQuality "1"]

{[%evp 9,83,31,43,29,20,-8,0,0,0,-19,0,0,44,0,5,0,45,40,64,61,96,50,61,56,127,136,140,120,132,25,197,136,163,-213,239,192,490,477,445,219,199,205,364,358,399,370,358,363,354,358,362,362,352,345,394,400,405,395,626,602,699,694,681,680,673,664,653,648,607,551,571,566,634,633,29985,29986]} 1. e4 c5 2. Nf3 e6 3. d4 cxd4 4. Nxd4 Nc6 5. Nc3 Qc7 6. g4 {B47: Sicilian: Taimanov: 5 Nc3 Qc7 6 f4, 6 g3 and 6 Be2} (6. Be3 a6 7. Qf3 Ne5 8. Qg3 h5 9. Bg5 f6 10. Bf4 Ne7 11. O-O-O Kf7 12. Bxe5 Qxe5 13. f4 h4 14. Qe3 Qc7 {1-0 (35) Ding,L (2811)-Shankland,S (2705) chess.com INT 2019}) 6... a6 7. h4 b5 8. Nxc6 {The position is equal.} Qxc6 9. Bg2 Bb7 10. a3 Bc5 11. Bf4 Ne7 12. h5 d6 $146 ({Predecessor:} 12... O-O 13. h6 g6 {½-½ (32) Gharamian,T (2614)-Pelletier,Y (2550) Brest 2018}) 13. h6 g6 14. Bg5 $36 {[%mdl 2048] White has some pressure.} Ng8 15. Qf3 Bd4 16. O-O-O Be5 (16... Bxc3 $1 $14 17. Qxc3 Qxc3 18. bxc3 f6) 17. Rd2 $16 a5 18. Rhd1 {[#] And now Bf1 would win.} b4 19. Ne2 (19. Nb1 $16) 19... Qb6 $2 (19... Qa4 $1 $11) 20. a4 $18 Rc8 {With the idea ...b3.} 21. Nd4 $4 {[%mdl 8192] [#]} (21. Kb1 $18 {and life is good for White.}) 21... b3 $4 {[%mdl 8192]} (21... Bxd4 $1 $19 {avoids the disaster.} 22. Rxd4 Qc5 {[%mdl 64] Double Attack}) 22. Nxb3 f5 $2 (22... Rc4) 23. gxf5 exf5 24. Qe3 (24. Qh3 $142) 24... Qxe3 25. Bxe3 f4 $2 (25... Bxe4 26. f4 Bf6 27. Bxe4 (27. Nxa5 Nxh6 28. Bxe4 fxe4 $16) 27... fxe4) 26. Bd4 Nxh6 27. Bxe5 dxe5 28. Nxa5 Ba8 29. Bh3 Rb8 30. f3 Nf7 31. Nc4 Ke7 32. Rd7+ Kf6 33. a5 Bb7 (33... Rb7 $142 34. Rxb7 Bxb7) 34. Rc7 Bc8 35. Rxc8 {Played: Bh3xc8} 1-0

[Event "Charlotte Open 2020"]
[Site "Charlotte"]
[Date "2020.01.04"]
[Round "5.4"]
[White "Tang, Andrew"]
[Black "Escalante Ramirez, Brian Sebasti"]
[Result "1-0"]
[WhiteElo "2511"]
[BlackElo "2421"]
[Annotator "TA"]
[PlyCount "77"]
[EventDate "2020.01.02"]
[EventType "swiss"]
[EventCountry "USA"]
[SourceTitle "playchess.com"]
[Source "ChessBase"]
[SourceQuality "1"]

{[%evp 9,91,34,60,49,48,57,44,39,35,39,53,46,38,52,37,50,89,97,97,60,83,66,53,63,45,44,85,88,116,104,107,112,124,124,126,73,160,179,187,170,279,150,363,342,405,392,400,383,407,405,749,747,736,673,746,506,503,509,469,595,568,572,585,559,567,553,1562,1519,1138,879,29982,29983,29983,29984,29975,29976,29986,29987,29987,29988,29989,29990,29990,29991]} 1. d4 Nf6 2. c4 c5 3. d5 b5 4. cxb5 a6 5. bxa6 g6 6. Nc3 {A58: Benko/Volga Gambit: Lines with 5 bxa6} Bg7 7. e4 O-O 8. Be2 {White is slightly better.} (8. e5 Ne8 9. h4 Bxe5 10. Bh6 Bxa6 11. h5 Ng7 12. Nf3 Bxc3+ 13. bxc3 Bxf1 14. Kxf1 {1-0 (22) So,W (2780)-Duda,J (2737) chess.com INT 2018}) 8... Qa5 9. Bd2 Bxa6 10. e5 Ne8 $1 11. Nf3 d6 12. e6 f5 13. h4 $1 $36 {[%mdl 2048] White is in control.} Bxe2 14. Qxe2 {[#] And now h5 would win.} h5 $146 15. Qe3 {Strongly threatening Qg5.} f4 16. Qd3 Rf5 17. O-O Nf6 18. Ng5 Na6 {[#]} 19. Ne2 $1 Nb4 {[#]} 20. Qb1 $1 Qa6 21. Nxf4 Nfxd5 22. Nxh5 (22. Nxg6 $142 Qd3 23. Bxb4 Qxb1 24. Raxb1 cxb4 25. Rfd1) 22... Rxg5 ({Black should try} 22... Qd3 23. Qxd3 (23. Nxg7 Qxb1 24. Raxb1 Kxg7 $16) 23... Nxd3 24. Nxg7 Kxg7) 23. Nxg7 $16 ({Worse is} 23. hxg5 gxh5 24. Bxb4 Nxb4 $11) 23... Rxg2+ 24. Kxg2 Nd3 (24... Kxg7 $142 25. Qe4 Qd3 26. Qxd3 Nxd3) 25. Qd1 (25. Nh5 $18) 25... Qb7 $2 (25... N5f4+ $16 26. Kh2 (26. Bxf4 Nxf4+ 27. Kh2 Kxg7 $16) 26... Kxg7) 26. Kh2 $18 ({Don't blunder} 26. Qf3 $2 Ne5 $19) 26... Kxg7 27. Qf3 {Intending Qf7+ and mate.} Ne5 28. Bc3 $1 {[%cal Rc3e5]} Rf8 29. Qg2 {Threatens to win with f4!} Rf4 (29... Rb8 $142 30. Bxe5+ dxe5) 30. Rfd1 Rxh4+ 31. Kg1 Rd4 32. Rxd4 cxd4 33. Bxd4 Qb5 34. a4 {[%cal Ba2a4,Ba4a5,Ba5a6][%mdl 32]} Qc4 35. Bxe5+ dxe5 {[%mdl 4096] Endgame KQR-KQN} 36. a5 Nf4 37. Qf3 Qc2 38. a6 Qxb2 39. Re1 {Played: Qf3-a3} 1-0

[Event "Charlotte Open 2020"]
[Site "Charlotte"]
[Date "2020.01.04"]
[Round "5.6"]
[White "Daggupati, Balaji"]
[Black "Brodsky, David"]
[Result "0-1"]
[WhiteElo "2311"]
[BlackElo "2466"]
[Annotator "TA"]
[PlyCount "68"]
[EventDate "2020.01.02"]
[EventType "swiss"]
[EventCountry "USA"]
[SourceTitle "playchess.com"]
[Source "ChessBase"]
[SourceQuality "1"]

{[%evp 9,68,25,23,-6,-4,-55,0,0,0,0,10,5,9,0,0,0,0,0,0,0,0,0,0,-11,0,-9,0,-67,-59,-70,-76,-75,-51,-72,-50,-79,-77,-88,-78,-81,-76,-76,-91,-79,-68,-65,-70,-66,-75,-97,-62,-62,-57,-397,-392,-4134,-4134,-29997,-29998,-29998,-29999]} 1. e4 c5 2. Nf3 d6 3. d4 cxd4 4. Nxd4 Nf6 5. Nc3 a6 6. Qe2 {B90: Sicilian Najdorf: Unusual White 6th moves, 6 Be3 Ng4 and 6 Be3 e5} e5 (6... e6 7. g4 Nc6 8. Nxc6 bxc6 9. g5 Nd7 10. Bd2 Be7 11. h4 O-O 12. f4 d5 13. O-O-O Rb8 14. exd5 exd5 {½-½ (32) Safarli,E (2667)-Yilmaz,M (2624) Ankara 2018}) 7. Nf5 ({Better is} 7. Nb3 $11) 7... g6 (7... d5 $1 $15) 8. Ne3 {The position is equal.} Be6 9. g3 Nc6 10. Bg2 Nd4 $146 ({Predecessor:} 10... Bg7 11. O-O O-O 12. f4 exf4 13. gxf4 Nh5 {1-0 (38) Czebe,A (2468)-Meszaros,M (2376) Hungary 2009}) 11. Qd3 h5 12. O-O h4 $36 {[%mdl 2048] Black has good play.} 13. Ncd5 Nxd5 14. Nxd5 Bxd5 15. exd5 hxg3 16. hxg3 Rc8 17. c3 Nf5 18. Be3 (18. Re1 $11) 18... Nxe3 $15 19. Qxe3 Bh6 20. Qe2 Kf8 21. a4 Kg7 22. a5 Rc5 23. c4 {White wants to play b4.} Qc7 24. b3 Rxa5 25. b4 Rxa1 26. Rxa1 Rc8 27. c5 dxc5 28. d6 Qxd6 29. Bxb7 Rd8 30. bxc5 Qxc5 {...Rd2 is the strong threat.} 31. Qxa6 $2 {[%mdl 8192]} (31. Re1 $15) 31... Rd2 $19 32. Rf1 $2 {[#]} (32. Qa7 Qxa7 33. Rxa7) 32... Be3 $1 {[%mdl 512]} 33. fxe3 Qxe3+ {[%mdl 64] Double Attack} 34. Kh1 Qh6+ {Accuracy: White = 38%, Black = 84%.} 0-1

[Event "Charlotte Open 2020"]
[Site "Charlotte"]
[Date "2020.01.04"]
[Round "5.7"]
[White "Yoo, Christopher Woojin"]
[Black "Grabinsky, Aaron"]
[Result "0-1"]
[WhiteElo "2456"]
[BlackElo "2363"]
[Annotator "TA"]
[PlyCount "82"]
[EventDate "2020.01.02"]
[EventType "swiss"]
[EventCountry "USA"]
[SourceTitle "playchess.com"]
[Source "ChessBase"]
[SourceQuality "1"]

{[%evp 10,96,29,36,46,3,21,21,34,35,37,29,40,51,41,37,39,39,46,37,27,34,54,46,50,5,5,6,6,9,8,0,2,6,6,4,17,4,47,14,27,13,39,14,19,11,10,-40,-45,-36,-34,-47,0,-38,-45,-129,-121,-149,-150,-193,-194,-184,-198,-223,-181,-259,-264,-298,-300,-321,-314,-365,-354,-602,-575,-661,-670,-677,-672,-1454,-709,-687,-531,-1295,-1264,-1820,-1750,-29990,-29991]} 1. e4 c6 2. d4 g6 3. Nc3 d5 4. h3 dxe4 5. Nxe4 Bg7 6. Nf3 Nf6 {B15: Caro-Kann: 3 Nc3: 3...g6 and 3...dxe4 4 Nxe4 Nf6 5 Nxf6+ exf6} 7. Bd3 O-O 8. O-O Nbd7 {The position is equal.} (8... Nxe4 9. Bxe4 Nd7 10. c3 c5 11. Be3 Qc7 12. Qe2 cxd4 13. Nxd4 a6 14. Rad1 Nf6 15. Bc2 b6 16. Rfe1 Bb7 17. Bb3 Ne4 18. Nf3 e6 19. Bd4 {1-0 (32) Adams,M (2703)-Howell,D (2696) London 2018}) 9. Nxf6+ exf6 10. Bf4 Nb6 11. c4 Be6 12. b3 $146 ({Predecessor:} 12. Qb3 Re8 13. a4 a5 14. Rfd1 {0-1 (41) Lugovskoy,M (2346)-Lomako,P (2377) Kostroma 2012}) 12... Qd7 13. Qc2 Rfe8 14. Rfe1 Rad8 15. Rad1 Bf8 16. Re2 Nc8 17. Rde1 Bb4 18. Bd2 Bxd2 19. Qxd2 Kg7 20. Re4 Ne7 21. Rh4 {[#] White wants to mate with Qh6+.} Ng8 22. Rf4 Qc7 23. Rfe4 Rd7 24. Bc2 Red8 25. Rh4 Qd6 26. Qc3 Re7 27. Re3 Ree8 28. d5 cxd5 29. c5 Qc7 30. b4 a6 31. Ng5 h6 32. Nxe6+ (32. Nf3 $15) 32... Rxe6 $17 33. Rxe6 fxe6 34. Rg4 Ne7 35. h4 h5 36. Rg3 Qf4 37. Qe1 (37. Qa3 {is a better defense.}) 37... e5 $19 38. Rf3 Qxh4 39. b5 axb5 40. Qa5 Rd7 41. Qa8 $2 (41. Qxb5 Nc6 42. Qb1) 41... Qb4 {Played: Qh4-c4} 0-1

[Event "Charlotte Open 2020"]
[Site "Charlotte"]
[Date "2020.01.04"]
[Round "5.8"]
[White "Yu, Jennifer"]
[Black "Iotov, Valentin"]
[Result "1/2-1/2"]
[WhiteElo "2321"]
[BlackElo "2516"]
[Annotator "TA"]
[PlyCount "72"]
[EventDate "2020.01.02"]
[EventType "swiss"]
[EventCountry "USA"]
[SourceTitle "playchess.com"]
[Source "ChessBase"]
[SourceQuality "1"]

{[%evp 21,72,25,18,12,12,18,35,8,36,35,52,-1,7,0,0,0,0,0,25,6,10,5,0,0,0,0,62,16,11,16,13,0,0,0,0,-6,-8,-5,0,0,0,0,0,0,0,0,0,0,0,0,0,0,0]} 1. d4 d5 2. c4 c6 3. Nf3 Nf6 4. Nc3 dxc4 5. a4 Bf5 6. e3 e6 7. Bxc4 Bb4 8. O-O O-O 9. Nh4 Nbd7 10. h3 Bg6 11. Nxg6 hxg6 12. Qc2 {D18: Slav Defence: 5 a4 Bf5 6 e3} (12. Qb3 Qb6 13. Rd1 Rad8 14. Bd2 Ba5 15. Rac1 c5 16. d5 Bxc3 17. Bxc3 Qxb3 18. Bxb3 Nxd5 19. Bxd5 exd5 20. Rxd5 Nb6 21. Rxc5 Nxa4 {1-0 (45) Ponomariov,R (2706)-Najer,E (2687) Dortmund 2016}) 12... Qe7 13. Rd1 Rad8 14. b3 $146 {White is slightly better.} ({Predecessor:} 14. a5 e5 15. Qxg6 exd4 16. exd4 Bxc3 17. Bh6 Ne8 18. Bg5 Qd6 19. Qc2 Bxa5 20. Rxa5 {1-0 (36) Petkov,V (2475)-Stopa,J (2475) Figueira da Foz 2015}) 14... g5 15. Ne2 c5 16. Bd2 (16. e4 $14) 16... Bxd2 $11 17. Rxd2 cxd4 18. Nxd4 Ne5 19. Be2 Qb4 20. Rad1 Rc8 21. Qb2 {[#] Threatens to win with Nxe6!} Ne4 22. Rc2 Nc3 23. Rdd2 a6 (23... Rfd8 $11) 24. Bf1 (24. Bf3 $5) 24... Rc7 {The position is equal.} 25. Ne2 {[%cal Rc2c3]} Rfc8 26. Rd4 Nxe2+ 27. Rxe2 Qc3 28. Red2 Qxb2 29. Rxb2 Rc1 30. f4 gxf4 31. exf4 Ng6 32. Kf2 e5 33. fxe5 Nxe5 34. Be2 f6 35. Rbd2 Rb1 36. Rb4 Rc7 {Accuracy: White = 60%, Black = 52%.} 1/2-1/2

[Event "Charlotte Open 2020"]
[Site "Charlotte"]
[Date "2020.01.04"]
[Round "5.9"]
[White "Karthik Venkataraman"]
[Black "Narva, Mai"]
[Result "1/2-1/2"]
[WhiteElo "2470"]
[BlackElo "2321"]
[Annotator "TA"]
[PlyCount "115"]
[EventDate "2020.01.02"]
[EventType "swiss"]
[EventCountry "USA"]
[SourceTitle "playchess.com"]
[Source "ChessBase"]
[SourceQuality "1"]

{[%evp 19,115,18,24,-18,0,0,0,-6,18,-22,-12,-22,-14,-28,-16,-14,-13,-25,-6,-21,-11,-31,-31,-18,-4,-80,-84,-82,-64,-55,-50,-61,0,-42,-31,-94,-95,-95,-85,-93,-99,-97,-83,-89,-58,-55,-45,-104,-25,-29,-18,-20,-20,-24,-19,-26,-4,-75,0,0,0,0,0,0,0,0,0,0,0,-63,-25,-20,0,0,0,0,0,0,0,0,0,0,0,0,0,0,0,-11,0,0,0,0,0,0,0,0,0,0]} 1. e4 c5 2. Nf3 d6 3. d4 cxd4 4. Nxd4 Nf6 5. Nc3 Nc6 6. f3 e5 7. Nb3 Be7 8. Be3 O-O 9. Qd2 a5 10. Bb5 Be6 11. Nd5 {aiming for Bb6. B56: Classical Sicilian: Unusual Lines} (11. O-O-O Na7 12. Bxa7 Rxa7 13. a4 Ra8 14. Kb1 Ne8 15. Nd5 Bg5 16. Qd3 Nc7 17. Nxc7 Qxc7 18. Qxd6 Qxd6 19. Rxd6 {1-0 (64) Vachier Lagrave,M (2780)-Alekseenko,K (2637) chess.com INT 2019}) 11... Bxd5 12. exd5 Na7 13. Be2 a4 14. Nc1 Qd7 15. a3 Bd8 16. Na2 Nc8 17. Nb4 Ba5 18. Bg5 Ne8 19. O-O $146 Nc7 20. Kh1 b5 21. c4 Nb6 22. Rac1 (22. cxb5 $11 {remains equal.} h6 23. Bh4) 22... bxc4 $17 23. Bxc4 Nxc4 24. Rxc4 f6 {...Bxb4 is the strong threat.} 25. Be3 Qb5 (25... Na6 $15) 26. Rfc1 Na6 $1 27. Bf2 ({White should play} 27. b3 $1 $15) 27... Rab8 {[%cal Ra5b4]} 28. Be1 Bxb4 29. axb4 {[#]} Nc7 $1 {[%mdl 512]} 30. Bf2 (30. Rxc7 Qf1#) 30... Nxd5 31. Bc5 Nb6 ({Of course not} 31... dxc5 32. Qxd5+ Kh8 33. Qxc5 $11) 32. Bxb6 $1 Rxb6 33. Rc7 (33. h3 $1 $15) 33... h6 (33... Rd8 $17 34. Qc2 d5) 34. Qc2 $1 $11 {[%cal Rc2g6] Threatening mate with Qg6!} Rb7 35. Rxb7 Qxb7 36. Qxa4 {[%mdl 4096] Endgame KQR-KQR} Rb8 37. h3 d5 38. Qa5 (38. b5 $11) 38... d4 (38... Kh7 $17 39. Qa3 Qxb4 40. Qd3+ Kh8 41. Qxd5 Qxb2) 39. Rc7 Qxb4 40. Qa7 $1 Qf8 {[#]} 41. Rxg7+ $1 {[%mdl 512]} Qxg7 42. Qxb8+ {KQ-KQ} Kh7 $1 43. Qb5 Qc7 44. Qe2 (44. b4 $11) 44... Qc1+ 45. Kh2 Qb1 {The position is equal.} 46. Qc4 {White wants to play Qf7+.} Kg7 47. Qc7+ Kg6 48. Qc4 {Qg8+ would kill now.} Kg7 49. b4 d3 50. Qg4+ Kf7 51. Qd7+ Kf8 52. b5 h5 53. Qf5 (53. h4 {keeps more tension.} Qb4 54. Qxd3 Qxh4+ 55. Kg1 Qe1+ 56. Qf1) 53... Ke7 54. b6 Qxb6 55. Qxd3 Qb4 56. Qh7+ {[%mdl 64] Double Attack} Ke6 57. Qxh5 {Hoping for Qg4+.} Qf4+ 58. Kg1 {Accuracy: White = 55%, Black = 67%.} 1/2-1/2

[Event "Charlotte Open 2020"]
[Site "Charlotte"]
[Date "2020.01.04"]
[Round "5.10"]
[White "Korley, Kassa"]
[Black "Wang, Tianqi"]
[Result "1-0"]
[WhiteElo "2432"]
[BlackElo "2314"]
[Annotator "TA"]
[PlyCount "89"]
[EventDate "2020.01.02"]
[EventType "swiss"]
[EventCountry "USA"]
[SourceTitle "playchess.com"]
[Source "ChessBase"]
[SourceQuality "1"]

{[%evp 9,89,31,41,35,40,33,41,41,27,25,69,68,87,55,57,56,50,40,43,33,39,33,33,33,46,36,36,12,26,19,26,7,6,23,37,6,6,7,18,18,22,-5,-14,-29,-33,-152,57,36,36,42,40,0,0,0,0,0,0,0,0,0,0,0,232,8,8,0,0,0,29972,29973,29973,29974,29969,29968,29985,29986,29985,29986,29986,29987,29991,29992]} 1. e4 d5 2. exd5 Qxd5 3. Nc3 Qd8 4. d4 c6 5. g3 (5. Nf3 Bg4 6. h3 Bxf3 7. Qxf3 e6 8. Be3 Nd7 9. Rd1 Ngf6 10. Bd3 Be7 11. O-O O-O 12. Rfe1 Nb6 13. Ne2 Nbd5 {1-0 (28) Ragger,M (2687)-Levin,E (2516) St Petersburg 2018}) 5... Bf5 6. Bg2 {B01: Scandinavian Defence} e6 7. Nf3 Nf6 8. O-O {White is slightly better.} Be7 9. Nh4 $146 ({Predecessor:} 9. h3 h6 10. Ne2 O-O 11. c3 Nbd7 12. Re1 Qb6 {½-½ (45) Chatzieleftheriou,A (1800)-Tsivelekidou,E (1847) Thessaloniki 2016}) 9... Bg6 10. Nxg6 hxg6 11. a4 a5 12. Re1 (12. b3 {looks sharper.} O-O 13. Bb2 Qb6 14. Nb1 Rd8 15. Qe2) 12... O-O 13. Ne4 Nxe4 14. Rxe4 Nd7 15. c3 Nf6 16. Re2 Nd5 17. Qb3 Qd7 18. Bd2 Bf6 19. h4 Rfd8 20. Bf3 b5 21. Kg2 b4 22. Bg5 bxc3 23. bxc3 Qa7 24. Rh1 Rac8 25. Bg4 Rb8 26. Qc2 c5 27. h5 (27. dxc5 $15 Qxc5 28. Bxf6 Nxf6 29. Bf3) 27... gxh5 $2 (27... Qb7 $1 $17 {( -> ...Nf4+!)} 28. Bf3 Bxg5 29. hxg6 cxd4 30. cxd4 Bh6) 28. Rxh5 $14 {Black must now prevent Qh7+.} g6 29. Bxe6 $1 fxe6 (29... gxh5 $2 {loses.} 30. Bxf6 Ne7 31. Bxf7+ $1 {[%mdl 512]} Kxf7 32. Bxe7 $18) 30. Rh6 Bxg5 31. Rxg6+ Kf8 32. Rxg5 Qf7 ({Don't go for} 32... cxd4 $2 33. Qg6 $18) 33. dxc5 Rbc8 34. Rge5 Rxc5 35. Rxe6 {Strongly threatening R2e5.} Nxc3 $2 (35... Nf6 $11 {and Black is okay.}) 36. R2e3 $2 (36. R6e3 $18 {And now Rf3! would win.} Qb7+ 37. Rf3+ Kg7 38. Re6) 36... Rf5 $1 $11 37. f3 Nd5 {Threatens to win with ...Rg5.} 38. R3e5 Rxf3 $2 {[%mdl 8192]} (38... Rxe5 $11 39. Rxe5 Qf6 40. Qc5+ Ne7) 39. Qc5+ {[%mdl 64] Double Attack. White mates.} Ne7 40. Rxe7 Rd2+ {[#]} 41. Re2 $1 Rxg3+ 42. Kxg3 Qg6+ 43. Kf2 Qf6+ {[#]} 44. Ke1 $1 Qh4+ 45. Kxd2 {Accuracy: White = 48%, Black = 60%.} 1-0